00446 2200181 4500001002100000008004100021035002000062245005000082100001900132250000600151260003500157300001200192084001400204082000800218650001400226990001200240990001200252INLIS000000000000303 ind  a0010-0424000279 aAtlas Tematik : Kab. Kota BarucRetno Hastuti aHastuti, Retno a1 aKlaten :bIntan Pariwarac2013 a108 hlm a520 RET a a520 aReferensi a0728791 a0728792